000 00376nam a22001337a 4500
082 _a624.17
_bDIV
_cL-20, P-96
100 _aKumar, Vijay
_942728
245 _aProblems in advanced theory of structures /
_cVijay Kumar
260 _aIndia :
_bJain Brothers,
_c1963.
300 _a240 p. :
526 _a0
_b0
_c0
_d624_170000000000000_DIV
650 _aMCE
_9379
942 _2ddc
_cBK
999 _c546577
_d546577